Statistics for International Destinations from Darwin

Click here to take the quiz!

General Stats

  • This quiz has been taken 46 times
  • The average score is 4 of 5

Answer Stats

CountryAnswer% Correct
United KingdomLondon
100%
SingaporeSingapore
100%
IndonesiaDenpasar
93%
East TimorDili
90%
ChinaShenzhen
58%

Score Distribution

Percentile by Number Answered

Percent of People with Each Score

Your Score History

You have not taken this quiz